| 000 | 00574nam a2200193 a 4500 | ||
|---|---|---|---|
| 001 | 6693 | ||
| 003 | CO-ViMGA | ||
| 008 | 141112s2004 ck r 000 u spa d | ||
| 040 |
_aCO-ViMGA _bspa _cCO-ViMGA |
||
| 082 | _a028.55 J654 | ||
| 100 | 1 |
_aJolibert, Josette _95194 |
|
| 245 | 1 | 0 |
_aFormar niños lectores de texto : _bciclo II : _b5 - 8 años de edad (kinder 1, 2 año básico) |
| 250 | _a7a | ||
| 260 |
_aSantiago de Chile : _bDolmen, _c1997 |
||
| 300 | _a258 p : il | ||
| 590 | _aDatos de inventario : 05789 | ||
| 650 | 1 | 4 |
_aLECTURA - TECNICAS _95195 |
| 942 |
_2ddc _cBK |
||
| 999 |
_c10683 _d10683 |
||